000 00293nam a22001337a 4500
008 170706b xxu||||| |||| 00| 0 eng d
020 _a0520066184
041 _aeng
080 _a82
100 _a22
101 _aGJL
245 _aTHE COMPARATIVE METHODS
_cRAGIN.CH.C
942 _2udc
_cBK
999 _c19975
_d19975